00330nam a2200145Ia 45000030006000000050017000060080041000230400009000640410012000730820017000851000013001022450053001152600008001683000008001760Nust20170105110255.0161124s9999 xx 000 0 und d cIGIS aEnglish a621.381bCAG aJ.A.Cage aTheory and Application of Industrial Electronics aUSA a290